[Event "Nezhmetdinov Memorial rapid 38th"]
[Site "Kazan"]
[Date "2016.05.29"]
[Round "1"]
[White "Bocharov, Dmitry"]
[Black "Liberman, Evgeny"]
[Result "1-0"]
[WhiteElo "2597"]
[BlackElo "2134"]
[PlyCount "74"]
[EventDate "2016.05.29"]
[EventType "swiss (rapid)"]
[EventRounds "9"]
[EventCountry "RUS"]
[SourceTitle "CBM 172 Extra"]
[Source "ChessBase"]
[SourceDate "2016.06.21"]
[SourceVersion "1"]
[SourceVersionDate "2016.06.21"]
[SourceQuality "1"]

1. Nf3 Nc6 2. d4 d6 3. e4 Nf6 4. Nc3 Bg4 5. Bb5 a6 6. Bxc6+ bxc6 7. h3 Bc8 8. 0-0 e6 9. e5 Nd7 10. Bg5 Be7 11. Bxe7 Qxe7 12. Re1 d5 13. Na4 c5 14. c3 Bb7 15. b4 c4 16. Nc5 Bc6 17. a4 0-0 18. Qd2 a5 19. b5 Nxc5 20. dxc5 Be8 21. c6 f5 22. exf6 Qxf6 23. Ne5 Qe7 24. Re3 Qd6 25. Rae1 Rd8 26. Qd4 Rf6 27. Rg3 Bg6 28. Rge3 Be4 29. f3 Bf5 30. Nd7 Rg6 31. Qe5 Rxd7 32. cxd7 Qxd7 33. g4 Bd3 34. Kg2 Bc2 35. b6 cxb6 36. Qb8+ Kf7 37. Qxb6 Bb3 1-0

[Event "EU-ch rapid"]
[Site "Minsk"]
[Date "2015.12.19"]
[Round "2"]
[White "Rozum, Ivan"]
[Black "Liberman, Evgeny"]
[Result "1-0"]
[WhiteElo "2559"]
[BlackElo "2134"]
[PlyCount "112"]
[EventDate "2015.12.19"]
[EventType "swiss (rapid)"]
[EventRounds "11"]
[EventCountry "BLR"]
[SourceTitle "EXT 2017"]
[Source "ChessBase"]
[SourceDate "2016.10.25"]
[SourceVersion "1"]
[SourceVersionDate "2016.10.25"]
[SourceQuality "1"]

1. e4 Nc6 2. Nc3 Nf6 3. g3 e5 4. Bg2 Bc5 5. d3 d6 6. Nf3 Bd7 7. h3 a6 8. 0-0 h6 9. Be3 Bxe3 10. fxe3 Ne7 11. Nh4 Qc8 12. Kh2 Nh7 13. Rf2 Ng5 14. Qf1 0-0 15. Nf5 Qd8 16. Qe2 Bc6 17. Raf1 Nxf5 18. exf5 Bxg2 19. Rxg2 f6 20. e4 c6 21. h4 Nf7 22. g4 b5 23. Rfg1 d5 24. Nd1 Qa5 25. a3 dxe4 26. Qxe4 Qc7 27. Nf2 Rad8 28. Qf3 e4+ 29. Qg3 Qxg3+ 30. Rxg3 exd3 31. Nxd3 Rfe8 32. R1g2 Nd6 33. Rf3 Nc4 34. Rfg3 Re3 35. g5 hxg5 36. hxg5 Rxg3 37. Rxg3 fxg5 38. Rxg5 Kf7 39. Rg6 Ne3 40. Rxc6 Nxf5 41. Rxa6 Ne3 42. Rc6 Kg8 43. Nb4 Nc4 44. a4 Ne5 45. Rc5 Rd4 46. Rxb5 Rd2+ 47. Kg3 Nc4 48. b3 Ne3 49. Rc5 g6 50. a5 Rd4 51. a6 Nf5+ 52. Kf3 Rd8 53. Nc6 Ra8 54. a7 Kf7 55. Rb5 Ke6 56. Rb8 Kd5 1-0

[Event "Samara Polugaevsky Memorial 5th"]
[Site "Samara"]
[Date "2015.07.03"]
[Round "1"]
[White "Liberman, Evgeny"]
[Black "Dobrov, Vladimir"]
[Result "0-1"]
[WhiteElo "2136"]
[BlackElo "2517"]
[PlyCount "46"]
[EventDate "2015.07.03"]
[EventType "swiss"]
[EventRounds "9"]
[EventCountry "RUS"]
[SourceTitle "CBM 167 Extra"]
[Source "ChessBase"]
[SourceDate "2015.09.14"]
[SourceVersion "1"]
[SourceVersionDate "2015.09.14"]
[SourceQuality "1"]

1. e4 c6 2. d4 d5 3. f3 e6 4. Nc3 Qb6 5. Rb1 Nf6 6. Bg5 c5 7. exd5 cxd4 8. Bb5+ Bd7 9. Bxd7+ Nbxd7 10. dxe6 Qxe6+ 11. Nce2 Bc5 12. Nh3 Nd5 13. Nf2 Qg6 14. Ne4 Bb6 15. c4 f5 16. N4g3 Qxg5 17. cxd5 0-0 18. f4 Qh4 19. b4 Rae8 20. Kf1 d3 21. Qxd3 Re3 22. Qd2 Rfe8 23. Nxf5 Rf3+ 0-1

[Event "Samara op rapid"]
[Site "Samara"]
[Date "2012.12.08"]
[Round "5"]
[White "Liberman, Evgeny"]
[Black "Kniazev, Alexander V"]
[Result "1/2-1/2"]
[WhiteElo "2159"]
[BlackElo "2237"]
[PlyCount "42"]
[EventDate "2012.12.08"]
[EventType "swiss (rapid)"]
[EventRounds "9"]
[EventCountry "RUS"]
[SourceTitle "EXT 2015"]
[Source "ChessBase"]
[SourceDate "2014.11.20"]
[SourceVersion "1"]
[SourceVersionDate "2014.11.20"]
[SourceQuality "1"]

1. e4 c5 2. Nf3 d6 3. c3 Nf6 4. Bd3 b6 5. 0-0 Bb7 6. Re1 Nbd7 7. Bc2 Qc7 8. d3 g6 9. Nbd2 Bg7 10. Nf1 0-0 11. h3 e5 12. c4 h6 13. Ng3 Rfe8 14. Ba4 Re7 15. Bd2 Nf8 16. b4 Ne6 17. Qc1 Kh7 18. a3 Ng8 19. Bd1 a6 20. Rb1 Bc6 21. Be2 Bf8 1/2-1/2

[Event "Samara Region-ch"]
[Site "Samara"]
[Date "2012.12.06"]
[Round "8"]
[White "Liberman, Evgeny"]
[Black "Mokshanov, Alexey"]
[Result "0-1"]
[WhiteElo "2213"]
[BlackElo "2384"]
[PlyCount "103"]
[EventDate "2012.11.29"]
[EventType "tourn"]
[EventRounds "9"]
[EventCountry "RUS"]
[EventCategory "2"]
[SourceTitle "CBM 151 Extra"]
[Source "ChessBase"]
[SourceDate "2012.12.18"]
[SourceVersion "1"]
[SourceVersionDate "2012.12.18"]
[SourceQuality "1"]

1. Nf3 Nf6 2. d3 d5 3. Nc3 g6 4. Bd2 Bg7 5. e4 c5 6. Qc1 Nc6 7. Be2 d4 8. Nb1 e5 9. h3 Bd7 10. a3 c4 11. 0-0 Rc8 12. Nh2 0-0 13. Bg5 cxd3 14. Bxd3 Qb6 15. b3 Nd8 16. Nf3 Qc7 17. Nbd2 Ne6 18. Nc4 Nxg5 19. Qxg5 Nh5 20. a4 Bf6 21. Qd2 Nf4 22. Kh2 Be6 23. Rh1 Bg7 24. g3 Bxc4 25. Bxc4 Ne6 26. Rhe1 Nc5 27. Re2 Kh8 28. Rae1 Nxa4 29. Ra1 Nc3 30. Ree1 b5 31. Bd3 a5 32. Nh4 a4 33. bxa4 bxa4 34. f4 Qd6 35. f5 Bf6 36. Qh6 Bxh4 37. Qxh4 Kg7 38. g4 f6 39. g5 fxg5 40. Qxg5 Qf6 41. Qg3 Kh8 42. Rf1 g5 43. Ra3 h6 44. Rfa1 Rc5 45. Rxa4 Nxa4 46. Rxa4 Rfc8 47. Ra2 Kg7 48. h4 Kf7 49. Qg4 gxh4 50. Ra7+ R8c7 51. Qh5+ Kg7 52. Qg4+ 0-1

[Event "Samara Region-ch"]
[Site "Samara"]
[Date "2012.12.05"]
[Round "7"]
[White "Palachev, Petr"]
[Black "Liberman, Evgeny"]
[Result "0-1"]
[WhiteElo "2287"]
[BlackElo "2213"]
[PlyCount "178"]
[EventDate "2012.11.29"]
[EventType "tourn"]
[EventRounds "9"]
[EventCountry "RUS"]
[EventCategory "2"]
[SourceTitle "CBM 151 Extra"]
[Source "ChessBase"]
[SourceDate "2012.12.18"]
[SourceVersion "1"]
[SourceVersionDate "2012.12.18"]
[SourceQuality "1"]

1. d4 Nf6 2. c4 e5 3. e3 exd4 4. exd4 d5 5. Nf3 Be7 6. Nc3 0-0 7. Be2 dxc4 8. Bxc4 Bg4 9. 0-0 Nbd7 10. h3 Bh5 11. g4 Bg6 12. Ne5 c5 13. Nxg6 hxg6 14. Be3 Nb6 15. Bb3 c4 16. Bc2 Nbd5 17. Qf3 Rb8 18. g5 Nxe3 19. fxe3 Ne8 20. h4 b5 21. Kg2 Nc7 22. Be4 Bd6 23. Nd5 Ne6 24. Qg4 Qe8 25. Rf3 b4 26. Rh1 c3 27. b3 Rb5 28. Rf2 Ra5 29. Rh3 Qc8 30. Qd1 Qd8 31. Qf3 Ra3 32. Rh1 Ra5 33. Rg1 Qc8 34. Kh1 Qd8 35. Rgg2 Nc7 36. Nxc7 Bxc7 37. h5 Qd6 38. hxg6 fxg6 39. Qh3 Rxf2 40. Rxf2 Rxg5 41. Rf4 Rh5 42. Rh4 c2 43. Qc8+ Kf7 44. Bxg6+ Kxg6 45. Qg4+ Rg5 46. Qe4+ Kf6 47. Qxc2 Qg3 48. Qc6+ Qd6 49. Rf4+ Ke7 50. Re4+ Kf6 51. Rf4+ Rf5 52. Rxf5+ Kxf5 53. Qf3+ Kg6 54. Kg2 Qf6 55. Qe4+ Kh6 56. Qb7 Bb6 57. Qc8 g5 58. Qd7 Qg7 59. Qh3+ Kg6 60. Qe6+ Kh7 61. Qh3+ Kg6 62. Qe6+ Qf6 63. Qe8+ Kg7 64. Qd7+ Qf7 65. Qg4 Bd8 66. e4 Bb6 67. e5 Qd5+ 68. Kg3 Kg6 69. Qc8 Bxd4 70. Qe8+ Kf5 71. Qf8+ Kxe5 72. Qxb4 Bc5 73. Qb8+ Ke6 74. Qg8+ Kd6 75. Qd8+ Ke6 76. Qg8+ Ke5 77. Qxg5+ Kd4 78. Qd2+ Ke4 79. Qe2+ Be3 80. Qg4+ Kd3 81. Qd1+ Bd2 82. Qf1+ Kc2 83. Qf2 Qg5+ 84. Kh3 Qe3+ 85. Kg2 Qxf2+ 86. Kxf2 Kb2 87. Ke2 Bb4 88. Kd3 Kxa2 89. Kc2 a5 0-1

[Event "Samara-ch"]
[Site "Samara"]
[Date "2012.10.27"]
[Round "7"]
[White "Alavkin, Arseny Nailievich"]
[Black "Liberman, Evgeny"]
[Result "1-0"]
[WhiteElo "2423"]
[BlackElo "2376"]
[PlyCount "69"]
[EventDate "2012.10.21"]
[EventType "tourn"]
[EventRounds "9"]
[EventCountry "RUS"]
[EventCategory "2"]
[SourceTitle "EXT 2014"]
[Source "ChessBase"]
[SourceDate "2013.11.20"]
[SourceVersion "1"]
[SourceVersionDate "2013.11.20"]
[SourceQuality "1"]

1. Nf3 d5 2. c4 c6 3. e3 Nf6 4. Nc3 e6 5. b3 Nbd7 6. Bb2 Bd6 7. Qc2 0-0 8. Rg1 e5 9. g4 e4 10. g5 Ne8 11. Nd4 Ne5 12. Be2 a6 13. cxd5 c5 14. Qxe4 cxd4 15. Qxd4 Nd7 16. f4 f5 17. gxf6 Qxf6 18. Ne4 Qxd4 19. Bxd4 Be7 20. Rc1 g6 21. Bg4 Ng7 22. Bxg7 Kxg7 23. Rc7 Rf7 24. Ke2 Nb6 25. Be6 Bd7 26. Rxb7 Bd8 27. Bxf7 Kxf7 28. Nc5 Ke8 29. Nxd7 Nxd7 30. d4 Rc8 31. Kd3 Bc7 32. Rc1 Kd8 33. Rc6 a5 34. h4 Bb8 35. a3 1-0

[Event "Samara-ch"]
[Site "Samara"]
[Date "2012.10.27"]
[Round "8"]
[White "Liberman, Evgeny"]
[Black "Iliushkin, Evgeny"]
[Result "0-1"]
[WhiteElo "2376"]
[BlackElo "2325"]
[PlyCount "85"]
[EventDate "2012.10.21"]
[EventType "tourn"]
[EventRounds "9"]
[EventCountry "RUS"]
[EventCategory "2"]
[SourceTitle "EXT 2014"]
[Source "ChessBase"]
[SourceDate "2013.11.20"]
[SourceVersion "1"]
[SourceVersionDate "2013.11.20"]
[SourceQuality "1"]

1. d4 Nf6 2. c4 g6 3. Nc3 d5 4. Bf4 Bg7 5. e3 0-0 6. cxd5 Nxd5 7. Nxd5 Qxd5 8. Bxc7 Na6 9. Bxa6 Qxg2 10. Qf3 Qxf3 11. Nxf3 bxa6 12. Rc1 Bb7 13. Ke2 Rfc8 14. Rhg1 f6 15. Rgd1 Bd5 16. b3 Kf7 17. Rc5 Ke6 18. Rdc1 Bb7 19. Nd2 Kd7 20. d5 Bf8 21. Ne4 h6 22. Ba5 f5 23. Rc7+ Ke8 24. d6 Rxc7 25. Rxc7 Bc8 26. Nc3 e6 27. Bb4 Bd7 28. e4 Bg7 29. f4 Bd4 30. Na4 fxe4 31. Bc5 e5 32. Bxd4 exd4 33. Nc5 Bg4+ 34. Kf2 e3+ 35. Kg3 Bf5 36. Rh7 Rc8 37. Rh8+ Kf7 38. Rxc8 Bxc8 39. d7 Bxd7 40. Nxd7 Ke6 41. Ne5 Kf5 42. Kf3 g5 43. Nd3 0-1

[Event "Samara-ch"]
[Site "Samara"]
[Date "2012.10.25"]
[Round "5"]
[White "Liberman, Evgeny"]
[Black "Elistratov, Ilia"]
[Result "0-1"]
[WhiteElo "2376"]
[BlackElo "2513"]
[PlyCount "114"]
[EventDate "2012.10.21"]
[EventType "tourn"]
[EventRounds "9"]
[EventCountry "RUS"]
[EventCategory "2"]
[SourceTitle "EXT 2014"]
[Source "ChessBase"]
[SourceDate "2013.11.20"]
[SourceVersion "1"]
[SourceVersionDate "2013.11.20"]
[SourceQuality "1"]

1. d4 Nf6 2. c4 g6 3. Nc3 d5 4. Bf4 Bg7 5. e3 0-0 6. Rc1 Be6 7. c5 c6 8. Be2 Nbd7 9. h3 b6 10. b4 bxc5 11. bxc5 Ne4 12. f3 Nxc3 13. Rxc3 Bf5 14. g4 e5 15. Bxe5 Bxe5 16. gxf5 Bc7 17. Rb3 Qg5 18. Kf1 Qxf5 19. Qd3 Qe6 20. f4 Rab8 21. Nf3 Nf6 22. Kg2 Rfe8 23. Rhb1 Rxb3 24. Rxb3 Bxf4 25. exf4 Nh5 26. Qd2 Qxe2+ 27. Qxe2 Nxf4+ 28. Kf1 Nxe2 29. Rb7 Ng3+ 30. Kg2 Nf5 31. Rxa7 Re4 32. Ne5 Rxd4 33. Nxc6 Rc4 34. Ne5 Rxc5 35. Nxf7 d4 36. Kf3 Rd5 37. Ke2 d3+ 38. Kd2 Ng3 39. Nh6+ Kh8 40. Ng4 Ne4+ 41. Kd1 d2 42. Rc7 Rd3 43. Rc8+ Kg7 44. Rc7+ Kf8 45. Rf7+ Ke8 46. Nf2 Nc3+ 47. Kc2 Kxf7 48. Kxd3 d1Q+ 49. Nxd1 Nxd1 50. Kd2 Nf2 51. h4 Ne4+ 52. Kd3 Nd6 53. a4 Ke6 54. h5 gxh5 55. Ke3 Nf5+ 56. Kf4 h4 57. a5 Kd6 0-1

[Event "Samara-ch"]
[Site "Samara"]
[Date "2012.10.24"]
[Round "4"]
[White "Purygin, Andrei"]
[Black "Liberman, Evgeny"]
[Result "0-1"]
[WhiteElo "2206"]
[BlackElo "2376"]
[PlyCount "68"]
[EventDate "2012.10.21"]
[EventType "tourn"]
[EventRounds "9"]
[EventCountry "RUS"]
[EventCategory "2"]
[SourceTitle "EXT 2014"]
[Source "ChessBase"]
[SourceDate "2013.11.20"]
[SourceVersion "1"]
[SourceVersionDate "2013.11.20"]
[SourceQuality "1"]

1. d4 Nf6 2. Nf3 d5 3. c4 e6 4. Nc3 c6 5. Bg5 Nbd7 6. cxd5 exd5 7. e3 Be7 8. Bd3 Ne4 9. Bxe4 Bxg5 10. Bd3 Be7 11. Qc2 Nf6 12. Ne5 g6 13. 0-0 Bd6 14. f4 0-0 15. f5 Bxe5 16. dxe5 Ng4 17. fxg6 hxg6 18. Bxg6 Qg5 19. Bh7+ Kg7 20. Rae1 Qh6 21. h3 Nxe3 22. Qf2 Nxf1 23. Bd3 Nd2 24. Re3 Kh8 25. Re2 Nc4 26. b3 Nb6 27. e6 Bxe6 28. Qd4+ Kg8 29. Re3 f5 30. Rg3+ Kf7 31. Qe5 Nd7 32. Qd6 Rg8 33. Rf3 Qc1+ 34. Kh2 Qxc3 0-1

[Event "Samara Polugaevsky Memorial 2nd"]
[Site "Samara"]
[Date "2012.07.07"]
[Round "3"]
[White "Gusarov, Aleksey"]
[Black "Liberman, Evgeny"]
[Result "1-0"]
[WhiteElo "1877"]
[BlackElo "2213"]
[PlyCount "80"]
[EventDate "2012.07.05"]
[EventType "swiss"]
[EventRounds "9"]
[EventCountry "RUS"]
[SourceTitle "CBM 149 Extra"]
[Source "ChessBase"]
[SourceDate "2012.08.24"]
[SourceVersion "1"]
[SourceVersionDate "2012.08.24"]
[SourceQuality "1"]

1. e4 c5 2. Nf3 a6 3. c4 e6 4. Nc3 Qc7 5. Be2 Nc6 6. d4 cxd4 7. Nxd4 Bd6 8. g3 Nxd4 9. Qxd4 Nf6 10. Bg5 Bc5 11. Qd3 d6 12. Bxf6 gxf6 13. 0-0 Bd7 14. a3 Rd8 15. Rad1 Ke7 16. Rd2 a5 17. Bh5 a4 18. Re1 Qa5 19. Qf3 Rdf8 20. Red1 Bc6 21. Re2 Bd7 22. Red2 Rhg8 23. e5 fxe5 24. Ne4 f5 25. Nxc5 Qxc5 26. Qxb7 Rb8 27. Qg2 Rb6 28. Qh3 Kd8 29. Qh4+ Kc7 30. Qe7 Rg6 31. Qxh7 Rg5 32. Be8 Qc6 33. Qxd7+ Qxd7 34. Bxd7 Kxd7 35. c5 Rc6 36. Rxd6+ Rxd6 37. Rxd6+ Ke7 38. Rb6 Rg4 39. Rb4 Kd7 40. Rxg4 fxg4 1-0

[Event "Samara Polugaevsky Memorial 1st"]
[Site "Samara"]
[Date "2011.07.11"]
[Round "7"]
[White "Afanasiev, Dmitry1111"]
[Black "Liberman, Evgeny"]
[Result "1-0"]
[WhiteElo "2047"]
[BlackElo "2259"]
[PlyCount "43"]
[EventDate "2011.07.05"]
[EventType "swiss"]
[EventRounds "9"]
[EventCountry "RUS"]
[SourceTitle "CBM 143 Extra"]
[Source "ChessBase"]
[SourceDate "2011.08.29"]
[SourceVersion "1"]
[SourceVersionDate "2011.08.29"]
[SourceQuality "1"]

1. c4 Nf6 2. Nf3 d6 3. Nc3 e5 4. d3 Be7 5. e3 Nbd7 6. Qc2 c6 7. Be2 Qc7 8. 0-0 Nf8 9. b4 Ng6 10. Bb2 0-0 11. d4 Bd7 12. Rfd1 Rad8 13. a4 a6 14. Rac1 Ne8 15. d5 Qb8 16. Ba3 f5 17. c5 Nc7 18. cxd6 Bxd6 19. dxc6 Bxc6 20. Rxd6 Rxd6 21. b5 Bxf3 22. Bxd6 1-0

[Event "Samara Polugaevsky Memorial 1st"]
[Site "Samara"]
[Date "2011.07.10"]
[Round "6"]
[White "Liberman, Evgeny"]
[Black "Shapiro, David"]
[Result "1/2-1/2"]
[WhiteElo "2259"]
[BlackElo "1991"]
[PlyCount "86"]
[EventDate "2011.07.05"]
[EventType "swiss"]
[EventRounds "9"]
[EventCountry "RUS"]
[SourceTitle "CBM 143 Extra"]
[Source "ChessBase"]
[SourceDate "2011.08.29"]
[SourceVersion "1"]
[SourceVersionDate "2011.08.29"]
[SourceQuality "1"]

1. Nf3 d5 2. d3 c6 3. Nc3 Bg4 4. e4 e6 5. h3 Bxf3 6. Qxf3 Nf6 7. Be2 Nbd7 8. Qg3 dxe4 9. dxe4 Qa5 10. 0-0 Bb4 11. Bd2 0-0 12. a3 Bxc3 13. Bxc3 Qb6 14. Rad1 e5 15. Bf3 Qc7 16. Rfe1 Rfe8 17. h4 Nf8 18. h5 h6 19. Rd3 N8h7 20. Bd2 Kh8 21. Rd1 Rad8 22. Be3 Nd7 23. Bg4 Nhf6 24. Bf3 Qa5 25. Qh4 Kh7 26. g4 Qc7 27. g5 Ng8 28. Bg4 hxg5 29. Rxd7 Qxd7 30. Rxd7 gxh4 31. Rxf7 Nh6 32. Bf5+ Nxf5 33. exf5 Rf8 34. Rxb7 Rxf5 35. h6 Rg8 36. Kh2 Kg6 37. Rxa7 gxh6 38. Rc7 Rf6 39. Kh3 Kh5 40. Re7 Rf3+ 41. Kh2 Rf5 42. Kh3 Rf3+ 43. Kh2 Rf5 1/2-1/2

[Event "Samara Polugaevsky Memorial 1st"]
[Site "Samara"]
[Date "2011.07.05"]
[Round "1"]
[White "Dzhavathanov, Magomed"]
[Black "Liberman, Evgeny"]
[Result "0-1"]
[WhiteElo "1794"]
[BlackElo "2259"]
[PlyCount "104"]
[EventDate "2011.07.05"]
[EventType "swiss"]
[EventRounds "9"]
[EventCountry "RUS"]
[SourceTitle "CBM 143 Extra"]
[Source "ChessBase"]
[SourceDate "2011.08.29"]
[SourceVersion "1"]
[SourceVersionDate "2011.08.29"]
[SourceQuality "1"]

1. Nf3 Nf6 2. g3 Nc6 3. Bg2 d6 4. d4 Bg4 5. Bg5 e5 6. dxe5 dxe5 7. Qxd8+ Rxd8 8. c3 Be7 9. Nbd2 h6 10. Bxf6 Bxf6 11. h3 Be6 12. g4 0-0 13. Ne4 Be7 14. Nfd2 g6 15. Nb3 Bd5 16. 0-0-0 Kg7 17. Rhg1 b6 18. Bf3 a5 19. Kb1 Kh8 20. g5 h5 21. Nbd2 Be6 22. h4 Nb8 23. Ng3 Nd7 24. Be4 Nc5 25. Bc2 Bd5 26. Nde4 Ne6 27. e3 Bc4 28. a3 Rxd1+ 29. Rxd1 Rd8 30. Rxd8+ Bxd8 31. b4 Be7 32. Kb2 axb4 33. cxb4 c5 34. Kc3 Ba6 35. Bb3 cxb4+ 36. axb4 Nd8 37. Bd5 Kg7 38. f4 exf4 39. exf4 Bc8 40. Kc4 Bd7 41. Ne2 Nc6 42. b5 Na5+ 43. Kd4 Bxb5 44. N2g3 Bd7 45. Ke5 Nc6+ 46. Bxc6 Bxc6 47. f5 Bb4 48. Nf6 Be1 49. Nge4 b5 50. Kd6 Bxe4 51. Nxe4 gxf5 52. Nf6 Kg6 0-1